Muslim Understanding of Other Religions (Record no. 14243)

MARC details
000 -LEADER
fixed length control field 00641nam a2200241 a 4500
020 ## - INTERNATIONAL STANDARD BOOK NUMBER
ISBN 8174353593
082 00 - DEWEY DECIMAL CLASSIFICATION NUMBER
Classification number 291.172
Author Cutter AAS
100 ## - MAIN ENTRY--AUTHOR NAME
Author name Aasi, Ghulam Haider
245 ## - TITLE STATEMENT
Title Muslim Understanding of Other Religions
260 ## - PUBLICATION, DISTRIBUTION, ETC. (IMPRINT)
Place of publication New Delhi
Name of publisher Adam Publisher and Distributer
Year of publication 2007
300 ## - PHYSICAL DESCRIPTION
Number of Pages 231p
500 ## - GENERAL NOTE
General note includes index and biblioraphy
505 2# - FORMATTED CONTENTS NOTE
Formatted contents note biblio, index
650 ## - SUBJECT ADDED ENTRY--TOPICAL TERM
Topical Term Comparative Religion
942 ## - ADDED ENTRY ELEMENTS (KOHA)
Koha item type Books
700 1# -
-- Aasi, Ghulam Haider
Holdings
Collection code Home library Current library Date acquired Cost, normal purchase price Full call number Accession Number Koha item type
  Henry Martyn Institute Library Henry Martyn Institute Library 02/17/2014 250.00 291.172 AAS 024356 Books
                   Copyright © 2026 | Henry Martyn Institute | Hyderabad | TS-500052 | INDIA | Implemented by hmi.edu.in
Hit-Count:

Powered by Koha